F1 line-up 2023 - Statistiques

Statistiques générales
  • Ce quiz a été pris 252 fois
  • Le résultat moyen est 16 sur 20
Statistiques - réponses
Hint Réponse % Correct
RED BULL Max Verstappen
97%
FERRARI Carlos Sainz
95%
FERRARI Charles Leclerc
95%
MERCEDES Lewis Hamilton
94%
RED BULL Sergio Perez
94%
ALPINE Pierre Gasly
92%
ALPINE Esteban Ocon
91%
MCLAREN Lando Norris
88%
ASTON MARTIN Fernando Alonso
87%
MERCEDES George Russell
84%
ASTON MARTIN Lance Stroll
83%
MCLAREN Oscar Piastri
79%
ALFA ROMEO Valtteri Bottas
75%
ALPHA TAURI Yuki Tsunoda
75%
HAAS Kevin Magnussen
70%
WILLIAMS Alexander Albon
67%
HAAS Nico Hulkenberg
63%
WILLIAMS Logan Sargeant
57%
ALFA ROMEO Guanyu Zhou
50%
ALPHA TAURI Nyck De Vries
33%
Aucun quiz correspondant
Distribution des résultats
% des personnes avec chaque résultat
Percentile par nombre de réponses
Votre historique - résultats
Vous n’avez pas pris ce quiz